000 00481nam a2200181Ia 4500
001 22511
005 20260414150836.0
008 260414t2016||||xx |||||||||||||| ||spa||
041 _aESP
082 _a621.382
_bC25
100 _aCandy, James V.
_eAUT
245 0 _aBayesian signal processing :
_bclassical, modern, and particle filtering methods
260 _c2016
300 _axxxii, 601 páginas :
_c24 cm.
650 _aTCA
654 _aCET
942 _cLIB
_dJUS
_fJUS
_2ddc
_n
999 _c22511
_d22511